Le Ulteriori Avventure Di Robinson Crusoe Con le illustrazioni di grandville vol.1

Gespeichert in:
Bibliographische Detailangaben
1. Verfasser: Daniel Defoe
Format: Buch
Sprache:Nichtbestimmte Sprache
Veröffentlicht: Biblioteca Universale Rizzoli
Tags: Tag hinzufügen
Keine Tags, Fügen Sie das erste Tag hinzu!

MARC

LEADER 00000nam a2200000Ia 4500
001 R-275
003 CODICE-MESSINA
005 20260212102449.0
008 260211s9999 xx 000 0 und d
040 |c importazione_messina 
100 |a Daniel Defoe 
245 0 |a Le Ulteriori Avventure Di Robinson Crusoe 
245 0 |b Con le illustrazioni di grandville vol.1 
260 |b Biblioteca Universale Rizzoli 
942 |2 ddc  |c BK 
952 |0 0  |1 0  |2 ddc  |4 0  |6 SCAFFALE_3_000000000000000__LETTERATURA  |7 0  |9 31096  |a ME  |b ME  |d 2026-02-11  |l 0  |o SCAFFALE 3 - LETTERATURA  |p R-275  |r 2026-02-11 23:52:19  |w 2026-02-11  |x [REVISIONARE]  |y BK 
999 |c 26758  |d 26758